Normal view
MARC view
Entry Personal Name
001 - CONTROL NUMBER
- control field: 6594
003 - CONTROL NUMBER IDENTIFIER
- control field: OSt
005 - DATE AND TIME OF LATEST TRANSACTION
- control field: 20220705083250.0
008 - FIXED-LENGTH DATA ELEMENTS
- fixed length control field: 220705|| aca||aabn | a|a d
040 ## - CATALOGING SOURCE
- Original cataloging agency: OSt
- Transcribing agency: OSt
100 ## - HEADING--PERSONAL NAME
- Personal name: Tin Mon,
- Titles and other words associated with a name: Mehm, Dr
670 ## - SOURCE DATA FOUND
- Source citation: Work cat.: (OSt): Tin Mon, Mehm, Dr., The Essence of Buddha Abhidhamma /, 2015.